| 000 | 00686nam a2200265Ia 4500 | ||
|---|---|---|---|
| 001 | Para_9564 | ||
| 003 | CHAP | ||
| 008 | 220125s2008 xx 000 0 und d | ||
| 010 | _a208238 | ||
| 040 | _cCHAP | ||
| 082 | _a680.3 K4 | ||
| 100 |
_aKenneth Turner, John _9174569 |
||
| 245 |
_aMéxico bárbaro / _c por John Kenneth Turner |
||
| 260 |
_aMéxico, D.F. : _b Leyenda |
||
| 300 | _a233 p. | ||
| 650 |
_aLiteratura norteamericana _9140397 |
||
| 650 |
_aNovela norteamericana _982026 |
||
| 901 | _a680.3 K4 | ||
| 902 | _aM | ||
| 905 | _a0000002008 0000000000 00 | ||
| 910 | _a2008 | ||
| 942 | _cPARA | ||
| 942 |
_cPARA _d1 |
||
| 999 |
_c208238 _d208238 |
||